000 00429nam a2200169Ia 4500
001 10890
008 140331s9999 xx 000 0 und d
020 _a0-8058-8005-4
040 _cPK-LaUMT
082 _a 307
_bMcC-B
100 _aMcCaleb, Sudia Paloma
245 _aBuiding communities of learners : A collaboration among teac
_cMcCaleb, Sudia Paloma
260 _c1997
300 _a210 p.
546 _aEN
942 _cBK
999 _c11833
_d11833